Chindia : (Record no. 232583)

000 -LEADER
fixed length control field 04631cam a2200421 a 4500
001 - CONTROL NUMBER
control field 14516389
003 - CONTROL NUMBER IDENTIFIER
control field NUST
005 - DATE AND TIME OF LATEST TRANSACTION
control field 20180117090022.0
008 - FIXED-LENGTH DATA ELEMENTS--GENERAL INFORMATION
fixed length control field 060824s2007 nyu b 001 0 eng
010 ## - LIBRARY OF CONGRESS CONTROL NUMBER
LC control number 2006027601
020 ## - INTERNATIONAL STANDARD BOOK NUMBER
International Standard Book Number 0071476571 (alk. paper)
020 ## - INTERNATIONAL STANDARD BOOK NUMBER
International Standard Book Number 9780071476577 (alk. paper)
035 ## - SYSTEM CONTROL NUMBER
System control number (OCoLC)ocm71223050
035 ## - SYSTEM CONTROL NUMBER
System control number (OCoLC)71223050
Canceled/invalid control number (OCoLC)85183833
040 ## - CATALOGING SOURCE
Original cataloging agency DLC
Transcribing agency DLC
Modifying agency BAKER
-- C#P
-- YDX
-- YDXCP
-- VP@
-- QBX
-- CVM
-- BTCTA
-- DLC
043 ## - GEOGRAPHIC AREA CODE
Geographic area code a-ii---
-- a-cc---
050 00 - LIBRARY OF CONGRESS CALL NUMBER
Classification number HF1604
Item number .E54 2007
082 00 - DEWEY DECIMAL CLASSIFICATION NUMBER
Classification number 330.951
Edition number 22
245 00 - TITLE STATEMENT
Title Chindia :
Remainder of title how China and India are revolutionizing global business /
Statement of responsibility, etc. edited with commentary by Pete Engardio.
260 ## - PUBLICATION, DISTRIBUTION, ETC.
Place of publication, distribution, etc. New York :
Name of publisher, distributor, etc. McGraw-Hill,
Date of publication, distribution, etc. c2007.
300 ## - PHYSICAL DESCRIPTION
Extent xi, 384 p. ;
Dimensions 23 cm.
504 ## - BIBLIOGRAPHY, ETC. NOTE
Bibliography, etc. note Includes bibliographical references (p. 367-373) and index.
505 0# - FORMATTED CONTENTS NOTE
Formatted contents note Introduction -- Investment -- Market power -- Industry strengths -- Business culture -- Social challenges -- The rise of Chindia -- A new world economy -- Crouching tigers, hidden dragons -- Why India may be destined to overtake China -- What's next for China's miracle -- The new global paradigm -- The new global job shift -- The rise of India -- The way, way back office -- For India's tech grads, there's no place like home -- The China price -- A tale of two furniture makers -- Sucking the life out of Hoover -- Dipping a yankee toe in China -- India: an agent of change -- The new corporate model -- Asking the right questions -- Taking a page from Toyota's playbook -- Ratan Tata: no one's doubting now -- The state's long apron strings -- China's power brands -- China's free range cash cow -- TCL Multimedia's global agenda -- "Survivor of the fittest: at China Netcom -- Who's got performance -- The new megamarketsIt's getting hotter in the east -- A thousand Chinese desires bloom -- China: Go west, westerners -- GM and Vw: how not to succeed in China -- China: let a thousand brands bloom -- Sitting pretty in Shanghai -- India's new worldly women -- Getting the best to the masses -- GE's Indian adventure -- How Cummins does it -- The leap ahead -- A new lab partner for the U.S? -- High tech in China: is it a threat to Silicon Valley -- China ramps ups -- Scrambling up the development ladder -- India and Silicon Valley: now the R&D flows both ways -- IBM's passage to India -- A brain trust in Bangalore -- The financial challenge -- The great bank overhaul -- Betting on China's banks -- Tiny loans, high finance -- India: who wants to build some roads -- Private equity pours into india -- China's boures: stock markets or casinos? -- China is a private-sector economy -- The education challenge -- Trying to tme the blackboard jungle -- No peasant left behind -- India's whiz kids -- India: big brains on campus -- The other MIT -- The seeds of the next Silicon Valley -- A whole new school of thought -- Making waves in Guangdong -- The social agenda -- Waking up to their rights -- Hard labor in Guangdong -- A blacklisted labor leader speaks out -- Breakdown -- India's untold story -- The digital village -- The great wail of China -- China's ecological and energy challenge -- A big, dirty growth engine -- The greening of China -- Winds of change in Inner Mongolia -- A big green opportunity in China -- A courageous voice for a greener China -- Asia's great oil hunt -- How a thirst for energy led to a thaw -- The new competitive challenge -- Shaking up trade trade theory -- Fakes! -- Did Spark spark a copycat? -- Software: will outsourcing hurt America's supremacy? -- Jobs that could swim offshore -- Does it matter if China catches up to the U.S.? -- America's new competition -- How to level the playingfield.
650 #0 - SUBJECT ADDED ENTRY--TOPICAL TERM
Topical term or geographic name entry element Globalization
General subdivision Economic aspects
Geographic subdivision China.
650 #0 - SUBJECT ADDED ENTRY--TOPICAL TERM
Topical term or geographic name entry element Globalization
General subdivision Economic aspects
Geographic subdivision India.
651 #0 - SUBJECT ADDED ENTRY--GEOGRAPHIC NAME
Geographic name China
General subdivision Economic conditions.
651 #0 - SUBJECT ADDED ENTRY--GEOGRAPHIC NAME
Geographic name China
General subdivision Economic policy.
651 #0 - SUBJECT ADDED ENTRY--GEOGRAPHIC NAME
Geographic name India
General subdivision Economic conditions.
651 #0 - SUBJECT ADDED ENTRY--GEOGRAPHIC NAME
Geographic name India
General subdivision Economic policy.
700 1# - ADDED ENTRY--PERSONAL NAME
Personal name Engardio, Pete.
856 41 - ELECTRONIC LOCATION AND ACCESS
Materials specified Table of contents only
Uniform Resource Identifier <a href="http://www.loc.gov/catdir/toc/ecip0619/2006027601.html">http://www.loc.gov/catdir/toc/ecip0619/2006027601.html</a>
856 42 - ELECTRONIC LOCATION AND ACCESS
Materials specified Contributor biographical information
Uniform Resource Identifier <a href="http://www.loc.gov/catdir/enhancements/fy0668/2006027601-b.html">http://www.loc.gov/catdir/enhancements/fy0668/2006027601-b.html</a>
856 42 - ELECTRONIC LOCATION AND ACCESS
Materials specified Publisher description
Uniform Resource Identifier <a href="http://www.loc.gov/catdir/enhancements/fy0668/2006027601-d.html">http://www.loc.gov/catdir/enhancements/fy0668/2006027601-d.html</a>
906 ## - LOCAL DATA ELEMENT F, LDF (RLIN)
a 7
b cbc
c orignew
d 1
e ecip
f 20
g y-gencatlg
942 ## - ADDED ENTRY ELEMENTS (KOHA)
Source of classification or shelving scheme
Koha item type Book
Holdings
Withdrawn status Lost status Source of classification or shelving scheme Damaged status Not for loan Collection code Permanent Location Current Location Shelving location Date acquired Total Checkouts Full call number Barcode Date last seen Price effective from Koha item type
            Central Library (CL) Central Library (CL) General Stacks 02/21/2017   330.951 CHI S3H-N-1755 02/21/2017 02/21/2017 Book
© 2023 Central Library, National University of Sciences and Technology. All Rights Reserved.